Pohľad žiakov základných a stredných škôl na prejavy extrémizmu, xenofóbie, rasizmu, diskriminácie a na subkultúry mládeže

Enregistré dans:
Détails bibliographiques
Auteur principal: Pétiová, Marianna
Format: Livre
Langue:slovaque
Publié: Bratislava Centrum vedecko-technických informácií SR 2021
Sujets:
Tags: Ajouter un tag
Pas de tags, Soyez le premier à ajouter un tag!

MARC

LEADER 00000nam a2200000 4500
001 0287170
005 20251210130454.4
020 |a 978-80-89965-97-7 
041 0 |a slo 
044 |a SK 
245 1 0 |a Pohľad žiakov základných a stredných škôl na prejavy extrémizmu, xenofóbie, rasizmu, diskriminácie a na subkultúry mládeže  |c Marianna Pétiová 
264 1 |a Bratislava  |b Centrum vedecko-technických informácií SR  |c 2021 
300 |a 93 s. 
610 2 0 |a školy základné 
610 2 0 |a školy stredné 
610 2 0 |a žiaci 
610 2 0 |a extrémizmus 
610 2 0 |a xenofóbia 
610 2 0 |a rasizmus 
610 2 0 |a diskriminácia 
610 2 0 |a skupiny sociálne 
610 2 0 |a subkultúry 
610 2 0 |a mládež 
100 1 |a Pétiová, Marianna